Placements de la Turquie aux Championnats d'Europe - Statistiques

Statistiques générales
  • Ce quiz a été pris 76 fois
    63 depuis la dernière actualisation
  • Le résultat moyen est 4 sur 6
Statistiques - réponses
Hint Réponse % Correct
2012 Phase de groupes
69%
2016 Phase de groupes
67%
2024 Quarts de finale
67%
2008 Demi-finale
62%
1996 Phase de groupes
62%
2000 Quarts de finale
31%
Aucun quiz correspondant
Distribution des résultats
% des personnes avec chaque résultat
Percentile par nombre de réponses
Votre historique - résultats
Vous n’avez pas pris ce quiz depuis la dernière actualisation